Eurasian favourites / (Record no. 50311)
| 000 -LEADER | |
|---|---|
| fixed length control field | 00341nam a2200121 4500 |
| 020 ## - INTERNATIONAL STANDARD BOOK NUMBER | |
| International Standard Book Number | 9780794606978 |
| 100 ## - MAIN ENTRY--PERSONAL NAME | |
| Personal name | Hutton, Wendy. |
| 9 (RLIN) | 73317 |
| 245 ## - TITLE STATEMENT | |
| Title | Eurasian favourites / |
| Statement of responsibility, etc | Wendy Hutton. |
| 300 ## - PHYSICAL DESCRIPTION | |
| Extent | 64 p. |
| Other physical details | coloured pictures; |
| Dimensions | 20 cm. |
| 490 ## - SERIES STATEMENT | |
| Series statement | Periplus Mini Cookbooks; |
| 650 ## - SUBJECT ADDED ENTRY--TOPICAL TERM | |
| Topical term or geographic name as entry element | Eurasian cookbooks. |
| 9 (RLIN) | 87322 |
| 942 ## - ADDED ENTRY ELEMENTS (KOHA) | |
| Source of classification or shelving scheme | |
| Koha item type | NON FIC SECTION |
| Withdrawn status | Lost status | Source of classification or shelving scheme | Damaged status | Not for loan | Collection code | Home library | Current library | Date acquired | Total Checkouts | Full call number | Barcode | Checked out | Date last seen | Date checked out | Price effective from | Koha item type |
|---|---|---|---|---|---|---|---|---|---|---|---|---|---|---|---|---|
| Non-Fiction | Asian Hope Secondary Library | Asian Hope Secondary Library | 03/25/2026 | 1 | 641 HUT | 210899 | 05/01/2026 | 04/24/2026 | 04/24/2026 | 03/25/2026 | NON FIC SECTION |